[Event "EU-ch 12th"]
[Site "Aix les Bains"]
[Date "2011.03.28"]
[Round "7"]
[White "Ftacnik, Lubomir"]
[Black "Roser, Kevin"]
[Result "1/2-1/2"]
[WhiteElo "2578"]
[BlackElo "2423"]
[Annotator "Marchand,A/Primel,D"]
[PlyCount "67"]
[EventDate "2011.03.22"]
[EventType "swiss"]
[EventRounds "11"]
[EventCountry "FRA"]
[SourceTitle "CBM 142 Extra"]
[Source "ChessBase"]
[SourceDate "2011.06.27"]
[SourceVersion "1"]
[SourceVersionDate "2011.06.27"]
[SourceQuality "1"]
[TimeControl "40/5400+30:1800+30"]

1. Nf3 Nf6 2. c4 b6 3. g3 c5 4. Bg2 Bb7 5. Nc3 g6 (5... e6 {L'alternative} 6.
O-O Be7 7. d4 (7. Re1 d6 8. e4 a6 9. d4 cxd4 10. Nxd4 Qc7 11. Be3) 7... cxd4 8.
Qxd4) 6. d4 (6. O-O Bg7 7. d4 cxd4 8. Qxd4 (8. Nxd4 {L'ancienne ligne ne se
joue plus beaucoup car malgré une petite avance de développement, les Blancs
n'ont pas obtenu grand-chose de l'ouverture} Bxg2 9. Kxg2 Qc8 {[%cal Gc8c4,
Gc8b7,Gb7g2] L'idée de Saemisch} (9... O-O 10. e4 Na6 $132) 10. b3 Qb7+ 11. f3
d5 12. cxd5 Nxd5 13. Nxd5 Qxd5 14. Be3 Nc6 15. Nxc6 Qxc6 16. Rc1 $32 Qe6 17.
Qd3 O-O 18. Rfd1 Rac8 {Polugaevsky,L (2635)-Smyslov,V (2580) URS-ch44 Moscow
1976 (10) 1-0} (18... h5 $5 {Gligoric}))) (6. b3 Bg7 7. Bb2 O-O 8. O-O Na6 (
8... d5 9. Nxd5 (9. cxd5 Nxd5 $36 {[%csl Rb2,Rc3]}) 9... Nxd5 10. Bxg7 Kxg7 11.
cxd5 Qxd5 12. d4 cxd4 13. Qxd4+ Qxd4 14. Nxd4 Bxg2 15. Kxg2 Rc8 (15... a6 16.
Rac1 Ra7 17. Rc2 $14) (15... Nd7) 16. Rac1 Na6 (16... Nd7 17. Rfd1) 17. Rfd1
Rxc1 (17... Kf6 18. Nb5 $36 {Smyslov,V (2580)-Castro Rojas,O (2380) Biel
Interzonal 1976 (8) 1-0}))) 6... cxd4 7. Qxd4 Bg7 8. O-O d6 (8... O-O {Le coup
naturel est plus risqué} 9. Qh4 d6 10. Bh6 Nbd7 11. Rfd1 Rc8 12. b3 Rc5 13.
Bxg7 Kxg7 14. Rac1 Qa8 15. Qd4 Rfc8 16. Ne1 $1 Bxg2 17. Nxg2 {Akopian,V (2640)
-Lesiege,A (2521) Cappelle op 15th 1999 (6) 1-0}) 9. Rd1 (9. Be3 {L'alternative
} Nbd7 10. Rfd1 (10. Rac1) (10. Qd2 $6 {[%cal Ge3h6] J'ai été confronté
récemment а cette variante assez douteuse et j'ai été surpris de voir qu'elle
avait été jouée par des titrés} Rc8 $1 {[%csl Re3][%cal Gc8c4] Il faut essayer
de retarder le roque au maximum afin de laisser le B et la Q dans des
positions peu naturelles.} (10... O-O $6 11. Bh6 $14 {Giardelli,S (2435)
-Bronstein,L (2370) Acasusso Valle op 1991 (11) 1-0} (11. Rac1)) 11. b3 {
[%cal Gc8c3,Gg7c3] non seulement, les Blancs doivent perdre un temps mais le
Nc3 non protégé peut donner des thèmes tactiques aux Noirs} (11. Bh6 $6 Bxh6
12. Qxh6 Rxc4 13. Rfd1 Qa8 $15 {[%cal Gb7g2]}) 11... Nc5 $1 {[%csl Ge4]} (11...
Ne4 $6 {Tentant en blitz mais j'ai eu le temps devant l'échiquier de voir que
c'était une erreur de prendre la qualité} 12. Nxe4 Bxa1 13. Rxa1 (13. Nxd6+
$1) 13... Bxe4 14. Bh6 $44 {[%csl Re4,Gg2,Gh6,Rh8][%cal Gd2d4,Gd4e4,Ge4h8]}) (
11... a6 12. Rac1) 12. Rac1 Nce4 $1 {[%csl Rd2] Continuant la chasse а la Q
mal placée} 13. Nxe4 Nxe4 {[%csl Gg7]} 14. Qd3 O-O $1 $146 {Les Blancs n'ont
pas le temps de jouer Bh6} (14... Qc7 15. Bd4 {Szmetan,J (2400)-Panno,O (2465)
Buenos Aires Traffic op 1992 (4) 0-1}) (14... Nc5 15. Qd1 {Dizdar,G (2505)
-Grosar,A (2370) Portoroz 1987 1-0} (15. Qd2 Ne4)) 15. Ng5 $6 (15. Nd2 $142)
15... Nc5 {[%cal Gc5d3] Nouvelle attaque de la Q} 16. Qd2 Bxg2 17. Kxg2 h6 18.
Nf3 Ne4 {Gagnant encore un tempo sur la Q} 19. Qd3 Nf6 20. Rfd1 Qc7 $11 {
[%cal Gc7b7,Gb7g2,Ga7a6,Gb6b5]} 21. Bd4 $2 (21. Qb1 Qb7 22. Bd4 a6 23. Qb2 b5)
21... e5 {[%csl Rd3,Rf3][%cal Ge5e4];Broussin-Primel,D Pornic Nantes 2012 0-1})
10... Rc8) (9. Qh4 {L'alternative pour jouer le coup thématique Bh6 mais comme
d'habitude, les Noirs ont intérêt а retarder le roque} h6 (9... O-O 10. Bh6 $36
) 10. Rd1 Nbd7 11. Be3 Rc8 12. Rac1 g5 $1 $132 {Kramnik,V (2751)-Nikolic,P 
(2633) Amber-blindfold 08th rapid 1999 (9) 1/2}) 9... Nbd7 10. Be3 Rc8 {
Dans cette ligne, les Noirs doivent retarder le oo pour éviter l'attaque Qh4,
Bh6} 11. Rac1 a6 (11... h6) (11... O-O 12. Qh4 a6 13. b3 Rc7 14. Bh3 (14. Bh6)
(14. Ne1) (14. g4)) 12. b3 O-O {Les Noirs ont épuisé les coups d'attente et il
faut se résoudre а roquer} 13. Qh4 Rc7 {[%cal Gd8a8,Gf8c8]} (13... Re8 14. Bh3
Rc7 15. Bh6 Nf8 16. Bxg7 Kxg7 17. Nd5 Nxd5 18. cxd5 Bc8 19. Bg2 Rxc1 20. Rxc1
e5 21. Qxd8 Rxd8 22. Nd2 b5 23. Rc7 Bg4 24. f3 Rc8 25. Rc6 Bd7 26. Rxd6 Rc2 27.
Ne4 Rxe2 28. Nc5 {Hracek,Z (2598)-Ftacnik,L (2553)/Czechia 2008/EXT 2009/1-0 
(42)}) 14. Bh3 $1 {82} (14. Bh6 Qa8 {Karpov,A (2688)-Gelfand,B (2704) Cap
d'Agde KO rapid 2002 (3.1) 0-1}) (14. Ne1) (14. g4 $5 {[%cal Gg4g5]}) 14... Qb8
{84} (14... Qa8 $6 {Le coup naturel pour faire pression sur la grande
diagonale mais ... réfuté!} 15. Bxd7 $1 Rxd7 16. Na4 $36 {[%csl Rb6];Stohl,I 
(2561)-Navara,D (2616) CZE-chT 0405 2004 (7.2) 1-0}) 15. a4 $6 $146 {63 Une
nouveauté probablement trouvée devant l'échiquier mais c'est trop lent.} (15.
Bg5 Re8 16. Nd2 Nc5 17. b4 Ncd7 18. Nf1 Ba8 19. Ne3 b5 20. Ncd5 Nxd5 21. Nxd5
Bxd5 22. cxd5 Nb6 23. Rxc7 Qxc7 24. Qe4 Nc4 25. Rc1 Qb7 26. Bg2 h6 27. Bf4 Rc8
28. h4 Ne5 29. Rc2 Rc4 {Eljanov,P (2697)-Sasikiran,K (2681)/Ningbo 2011/CBM
144/1/2-1/2 (37)}) (15. Bh6 Rd8 16. Ng5 Nf8 17. a4 Rc5 18. Bxg7 Kxg7 19. b4 Rc7
20. Nd5 Bxd5 21. cxd5 Rxc1 22. Rxc1 h6 23. Nf3 Nxd5 24. Nd4 Re8 25. Nc6 Qc7 26.
Bg2 Nf6 27. Qc4 Qc8 28. e3 N8d7 29. Bf1 b5 {Topalov,V (2801)-Grischuk,A (2717)/
Monte Carlo 2006/CBM 111 ext/1-0 (54)}) (15. g4 e6 16. g5 Ne8 17. Ne4 b5) 15...
Nc5 $1 {Un coup provocateur et après la poussée b4, le P"c4" sera affaibli} 16.
b4 Ncd7 17. Bxd7 $5 (17. Nd2 $5 {[%csl Rc4][%cal Gd2c4]} Rfc8 18. g4 Rxc4 19.
Nxc4 Rxc4 $44 {[%csl Rb4]}) 17... Rxd7 18. Nd5 Nxd5 19. cxd5 {[%csl Rb7,Gc6]}
Rc8 $11 20. Bd4 Rxc1 (20... Bxd5 $132) 21. Rxc1 Rc7 (21... Bxd5 22. Bxg7 Bxf3 (
22... Kxg7 23. Qd4+) 23. Bh6 (23. Bb2 Ba8 24. Qd4 e5)) 22. Rxc7 Qxc7 23. Bxg7
Kxg7 24. Qd4+ Kg8 25. Kg2 Bc8 26. Qd3 Qc1 27. Nd4 Bb7 28. e4 Qa1 $1 29. Qc4
Qxa4 30. Qc7 Qxb4 31. Qd8+ Kg7 32. Ne6+ $1 {Une petite combinaison mais c'est
aussi un aveux d'échec pour le GMI qui n'a rien obtenu dans la partie.} fxe6
33. Qxe7+ Kg8 34. Qe8+ 1/2-1/2

[Event "Corus"]
[Site "Wijk aan Zee"]
[Date "2010.01.26"]
[Round "9"]
[White "Van Wely, Loek"]
[Black "Leko, Peter"]
[Result "1-0"]
[WhiteElo "2641"]
[BlackElo "2739"]
[Annotator "Marin,M"]
[PlyCount "159"]
[EventDate "2010.01.16"]
[EventType "tourn"]
[EventRounds "13"]
[EventCountry "NED"]
[EventCategory "19"]
[SourceTitle "CBM 135"]
[Source "ChessBase"]
[SourceDate "2010.03.17"]
[SourceVersion "1"]
[SourceVersionDate "2010.03.17"]
[SourceQuality "1"]

1. Nf3 Nf6 2. c4 e6 3. Nc3 c5 4. g3 b6 5. Bg2 Bb7 6. O-O Be7 7. d4 cxd4 8. Qxd4
d6 9. Bg5 a6 10. Bxf6 Bxf6 11. Qf4 Bxf3 {It remains an open question which
knight should Black give up his bishop for.} ({Personally, I would prefer not
do it until forced to:} 11... O-O 12. Rfd1 Be7 13. Ne4 Bxe4 14. Qxe4 Ra7 15.
Nd4 Rc7 16. b3 Rc5 17. e3 Qc7 18. a4 Re8 19. Rd2 Bf8 20. Rad1 Nd7 {with a
harmonious development for Black in Sargissian,G (2643)-Aronian,L (2763)/
Yerevan 2008/CBM 124 Extra (1/2, 27).}) 12. exf3 $5 {An interesting strategic
decision. White opens the e-file and prepares an attack with f4 without
weakening the e3-square. This will somewhat increase the vulnerability of the
e6-square and of the black kingside in general.} ({The neutral} 12. Qxf3 {
puts less pressure on Black:} Ra7 13. Rfd1 O-O 14. Rac1 Nd7 15. Qe3 Be7 16. b3
Rc7 17. Rc2 Nc5 18. Qc1 Qb8 {Ribli,Z (2610)-Van der Wiel,J (2545)/Baden-Baden
1992/CBM 033/[Stohl] (1/2, 32). Again, Black has a comfortable position.})
12... Ra7 13. Rfd1 ({Once the e-file has been opened,} 13. Rad1 {makes a lot
of sense.} Be7 14. Qe3 O-O 15. f4 g6 16. h4 Nd7 17. Ne4 Nf6 18. Ng5 Rc7 19. Bh3
h6 $6 ({Playing with fire, but after} 19... Qb8 20. Rfe1 $14 {the sacrifices
would be hanging in the air anyway.}) 20. Nxf7 Kxf7 21. Bxe6+ Kg7 22. Qxb6 $16
{Kramnik,V (2772)-Carlsen,M (2801)/Moscow blitz 2009 (0-1, 30)}) 13... Rd7 {
Recommended by Stohl.} (13... Be7 {is more passive.} 14. Qd4 O-O 15. f4 $14 {
Fominyh,A (2535)-Csom,I (2480)/Rimavska Sobota 1991/CBM 024/[Stohl] (1-0, 25)})
14. Ne4 $146 (14. Qe3 O-O $132 {(Stohl). However, it may lead to a simple
transposition to the main game.} 15. f4 g6 {Orzech,D (2466)-Kovacevic,S (2372)/
Balaguer 2009/CBM 131 Extra (0-1, 23)} 16. h4 h5 17. Ne4 $14 Bxb2 $6 18. Rab1
Bg7 19. Rxb6 $16 {[%csl Gb8,Gd6]}) 14... Be7 15. Qe3 O-O 16. f4 {The potential
threat f4-f5 forces Black to weaken his kingside.} g6 17. Rac1 b5 {Usually, if
Black gets to play this move so easily in the Hedgehog, his position
immediately becomes very appealing. However, in our case the b8-knight is
rather passive, which makes the opening of the position a bit risky.} 18. b3
bxc4 19. bxc4 Nc6 {This is not a stable square, but Black had little choice.
Another big problem is that the f8-rook cannot be transferred easily to the
queenside to protect the b-file and the b6-square.} 20. h4 h5 {This creates
new weaknesses, but ignoring the threat of h5 is risky. Here are two
illustrative lines:} (20... Qc7 21. h5 Rb8 22. h6 Qd8 23. Qc3 Qf8 24. Nc5 Rdd8
25. Nxe6 fxe6 26. Bxc6 Qxh6 27. Re1 $16) (20... Qa5 {This prevents h5 but
takes the a5-square away from the knight.} 21. Rb1 Rb8 22. Rxb8+ Nxb8 23. Rb1
Qc7 24. Qb6 $14 {The simplifications do not make Black's life easier. In fact,
the significance of the knight's passivity has just increased.}) 21. Rb1 {
This straightforward attempt to invade Black's position through the b-file
leaves the c4-pawn insufficiently well defended, allowing certain counterplay.}
({The simple} 21. Ng5 {increasing the pressure against both wings looks more
effective.} Rc7 (21... Na5 {is pointless now, because the c4-pawn is well
defended.} 22. Qd3 {The threat of Nxe6 practically forces Black to make
further concessions.} Bxg5 23. hxg5 $16 {With better dveelopment and
considerable space advantage for White.}) 22. Qb6 ({It also is possible to
launch immediate complications:} 22. c5 d5 23. Nxe6 fxe6 24. Qxe6+ Kg7 25. Rxd5
Qc8 26. Qe4 $44 {What I do not like in this position is that the black knight
finally fulfills a useful job, that of blocking the c-pawn.}) 22... Qc8 23. Rb1
$14 {Black is very passive.}) 21... Na5 $1 {Immediately seizing his chance.} (
21... d5 $6 {would have left Black poorly coordinated and with weaknesses after
} 22. cxd5 Rxd5 23. Rxd5 exd5 24. Ng5 d4 25. Qe2 $16 {[%csl Ga6,Gc6,Gf7][%cal
Gf4f5]}) 22. Qe2 Rc7 23. Rd4 Rxc4 $6 {I do not see the point behind giving up
a pawn so easily.} (23... Nc6 $1 24. Rd3 Na5 25. Rc3 Qc8 26. Rbc1 Nb7 {[%cal
Gb7c5] looks OK for Black.}) 24. Rxc4 Nxc4 25. Qxc4 d5 26. Qxa6 dxe4 27. Bxe4
$14 {The presence of opposite coloured bishops and the vulnerability of the
f2-square (compare with the well protected f7-square) offer Black chances to
hold, but play is rather one-sided.} Qd2 28. Kf1 Rd8 29. Qe2 Ba3 30. Rb7 Bc5
31. Rb2 Qd4 $2 {This must have been caused by a misjudgement. The presence of
queens complicates Black's life. He permanently has to use part of his forces
to prevent the advance of the a-pawn, which allows White get superiority on
the kingside in view of launching an attack. Leko might have underestimated
the force of the thematic break f4-f5, carried out a few moves later. He
should have exchanged queens, reaching a better ending than in the game,
because his king would have been much safer.} 32. Rc2 Ba3 33. Kg2 Rd6 34. Rc4
Qb2 35. Qe3 Ra6 36. f5 $1 $16 {White clears the path towards the f7-square.
Black is in trouble.} exf5 (36... gxf5 37. Qg5+ Kh7 38. Rc8 $18) 37. Bd5 Qb8
38. Qc3 Bb2 39. Rc8+ {This is good enough, but White could have won by force.}
(39. Bxf7+ $1 Kh7 (39... Kxf7 40. Rc7+ Kg8 41. Qc4+ Kh8 42. Rc8+ $18) 40. Bg8+
$1 Kxg8 (40... Qxg8 41. Rc7+ Kh6 42. Qxb2 $18) 41. Rc8+ Kh7 42. Rc7+ Kg8 43.
Qc4+ Kh8 44. Rc8+ $18) 39... Kh7 40. Qc4 Qd6 41. Bb7 Rb6 42. Qxf7+ Bg7 43. Rc7
Qf6 44. Qxf6 Rxf6 45. a4 $16 {/+-. Apart from his problems stopping the a-pawn,
Black has to be concerned about the weakness of the g6-square. The endgame is
hard to save.} f4 46. a5 fxg3 47. fxg3 Rf5 48. a6 Ra5 49. Rd7 Ra3 50. Re7 Ra2+
51. Kh3 Kh6 52. Re6 Bd4 53. Bd5 Ra3 54. Be4 Kg7 55. Rxg6+ Kf7 56. Rg5 Rxa6 57.
Rxh5 $18 Ra3 58. Kg4 Bc3 59. Rb5 Kf6 60. Bc2 Be5 61. Bb3 Ra1 62. Rb6+ Kg7 63.
Re6 Bf6 64. h5 Ra5 65. h6+ Kg6 66. Bc2+ Kf7 67. Rc6 Rg5+ 68. Kf4 Rh5 69. h7
Be5+ 70. Kg4 Rh2 71. Rc8 Bb2 72. Bf5 Bd4 73. Kf4 Bb2 74. g4 Rh1 75. Rc7+ Kf8
76. g5 Rf1+ 77. Kg4 Re1 78. Kh5 Re7 79. Rc2 Be5 80. Bg6 1-0

[Event "ESP-chT Div 1 final 1"]
[Site "Barbera del Valles"]
[Date "2009.08.14"]
[Round "2"]
[White "Georgiev, Kiril"]
[Black "Marin, Mihail"]
[Result "0-1"]
[WhiteElo "2645"]
[BlackElo "2583"]
[Annotator "Marin,M"]
[PlyCount "148"]
[EventDate "2009.08.14"]
[EventType "team-tourn"]
[EventRounds "3"]
[EventCountry "ESP"]
[SourceTitle "CBM 131 Extra"]
[Source "ChessBase"]
[SourceDate "2009.09.03"]
[SourceVersion "2"]
[SourceVersionDate "2009.09.16"]
[SourceQuality "1"]

1. Nf3 Nf6 2. c4 c5 3. Nc3 e6 4. g3 b6 5. Bg2 Bb7 6. O-O a6 7. d4 cxd4 8. Qxd4
d6 9. Rd1 Nbd7 10. Be3 Be7 11. Qd2 O-O 12. Bf4 Ne8 13. Rac1 ({A few weeks
earlier, Kiril had tried against me} 13. Ng5 Bxg2 14. Kxg2 Rc8 15. b3 Rc6 16.
f3 Qc7 17. Rac1 h6 18. Nge4 Qb7 19. a4 Nc5 20. Rb1 {The weakness of the
b3-pawn is an important achievement for Black, but he needs to activate his
e8-knight in order to obtain full equality.} Nf6 $2 {A terrible blunder.} (
20... f5 $1 21. Nf2 Nf6 22. b4 (22. e4 fxe4 23. fxe4 Rcc8 24. Qe2 Qc6 25. Kg1
Rf7 26. Rb2 Nfd7) (22. Be3 Rcc8 23. Kg1 Qc6 24. Bd4 Rfe8 25. Qe3 Bd8 26. Rb2
Nfd7 $11) (22. Kg1 Rd8 23. Qc2 Ncd7 24. Rbc1 Rdc8 25. Qd2 Nc5 26. Rb1 Bf8)
22... Ncd7 23. Qa2 Rfc8 24. c5 d5 $13) 21. Nxd6 Qa8 (21... Bxd6 22. Bxd6 Rd8
23. Qf4 $18 {I simply overlooked this last move.}) 22. Nde4 $6 (22. b4 $1 Rd8
23. bxc5 bxc5 24. Nf5 $1 $16 Rxd2 $6 25. Nxe7+ Kf8 26. Rxd2 Kxe7 27. Rb8 Qa7
28. Rdb2 $18) 22... Ncxe4 23. Nxe4 Nxe4 24. fxe4 Rcc8 25. Qe3 b5 $14 {Georgiev,
K (2645)-Marin,M (2583)/Benasque 2009 (1/2, 97)}) 13... Rc8 14. b3 {By
delaying Ng5, White invites his opponent to make a useful move while waiting
for the opportunity of ...Bxg2 followed by ...Rc6.} h6 (14... Nc5 {and other
moves are investigated in the notes to Ivanchuk,V (2739)-Nisipeanu,L (2670)/
Warsaw 2005/CBM 108/[Stohl] (1/2, 51)}) 15. Ne1 $146 {White chooses another
path for his knight.} ({Twenty-two years ago, Kiril treated this same position
in a more aggressive way:} 15. e4 Qc7 16. h4 $5 Qb8 17. g4 {Georgiev,K (2590)
-Sokolov,A (2645)/Leningrad 1987/CBM 003 (1/2, 31). I planned to open the
queenside with} b5 $5) 15... Bxg2 16. Kxg2 Qc7 17. f3 Qb7 18. Ne4 Nc5 19. Nf2 (
{After the blunder from Benasque, I triple checked the capture} 19. Nxd6 $2
Nxd6 20. Bxd6 Rfd8 21. Qf4 Bg5 $19) 19... b5 {Usually, Black has no problems
if he carries out this thematic break. This game is no exception, but Black
will go wrong soon.} 20. Ned3 Nf6 $6 {I considered this to be the most
restricting move, but once again I sort of blundered the d6-pawn in one
sideline given below.} (20... Nxd3 $1 $11 21. Qxd3 (21. exd3 d5) (21. Nxd3 Nf6)
21... bxc4 22. Rxc4 Rxc4 23. Qxc4 (23. bxc4 e5 24. Be3 Nf6 $11) 23... d5 24.
Qa4 Nd6 25. Bxd6 (25. Rc1 Nb5) (25. e4 Nb5) 25... Bxd6 26. e4 Rc8 27. exd5 exd5
$132) 21. Nxc5 dxc5 $14 {This time, I stopped just in time.} ({I had
originally intended} 21... Rxc5 $2 22. Bxd6 $1 Rd8 {, overlooking} 23. Nd3 $1
Rxd6 24. Nxc5 Rxd2 25. Nxb7 Rxe2+ 26. Kg1 bxc4 27. bxc4 Rxa2 28. c5 $18) 22.
Qc2 Rfd8 23. Nd3 {The position is more pleasant for White. He has harmonious
developmend and the c5-pawn is weak.} Nd7 (23... bxc4 24. bxc4 $1 {[%cal Gc1b1,
Yf4b8] /\Rb1, ><b8, <->b} (24. Qxc4 Nd5 (24... Rd4 25. Nxc5 $1 $16) 25. Bd2 Nb6
(25... Qb5 $11) 26. Qg4 Rd4 $11)) 24. Nf2 ({I was more worried about a plan
such as} 24. Be3 $5 b4 25. Bf2 (25. g4 $5) 25... Qc6 (25... Nf8 $2 26. Nxc5 $1
$16) (25... h5 $5) 26. g4 Nf8 27. h4 $14) 24... Nf6 25. Be5 Qc6 26. Rxd8+ Rxd8
27. Bxf6 $6 {After this premature exchange, White only retains some symbolic
advantage.} (27. cxb5 $1 axb5 (27... Qxb5 28. Qb2 $14) 28. Bxf6 gxf6 $14 {
Kiril may have disliked the fact thet Black will create a passed c-pawn, but,
personally, I would be worried about the weakness of my kingside.}) 27... Bxf6
28. cxb5 Qxb5 ({I spent some time investigating} 28... axb5 $2 29. Ne4 (29.
Qxc5 Qxc5 30. Rxc5 Rd2 31. Kf1 Rxa2 32. Rxb5 Ra1+ 33. Kg2 Ra2 34. e3 Re2) 29...
Bd4 30. Nxc5 Be3 {, until I noticed} 31. Nd3 $1 $16 {For the second time in
the game, overlooking the knight move to d3 could have led to serious
consequences...}) 29. Ne4 Be7 (29... Bd4 30. Rd1 (30. Nxc5 $2 Be3 $17) 30...
Rd5 31. Rd3 $14) 30. Qc4 Rd5 $1 {[%cal Gf7f5] Kiril may have underestimated
the dynamism of Black's position. There is no way for White to increase his
control on the light squares.} 31. Qxb5 (31. Rc2 Qxc4 32. Rxc4 (32. bxc4 Rd1
$15) 32... f5 33. Nc3 Rd2 34. Kf1 Rc2 35. Ke1 Bf6 36. Nd5 (36. Na4 Rxc4 37.
bxc4 Be7 38. Kd2 Kf7 $11) 36... Rxc4 37. Nxf6+ Kf7 38. bxc4 Kxf6 $11) 31...
axb5 32. Rc2 b4 $1 {><a2, ><c4. White's stability on the light squares is
counter balanced for by the weakness of the a2-pawn.} 33. Nd2 Kf8 {Black's
play in this phase of the game is slightly hesitant.} (33... f5 $1 34. Nc4 Kf7
35. Kf2 Bf6 36. Rd2 Ke7 37. e4 fxe4 38. fxe4 Rxd2+ 39. Nxd2 Bd4+ 40. Ke2 h5 $11
) 34. Kf2 Ke8 35. Nc4 f5 36. Rd2 ({I was slightly worried about} 36. Nb6 Rd6
37. Na4 {but Black seems to be doing fine:} Kf7 (37... Ra6 38. Ke3 $14) 38. Ke3
(38. Nxc5 $2 Rc6 $19) (38. Rxc5 Rd2 $11) 38... Rd5 $11) 36... Kf7 $1 37. e3 (
37. Rxd5 $2 exd5 38. Ne3 Ke6 $15) (37. e4 Rxd2+ (37... fxe4 38. fxe4 Rxd2+ 39.
Nxd2 h5 40. Nf3 $14) 38. Nxd2 Bf6 39. f4 Bd4+ 40. Ke2 g5 $132 {The counterplay
against the white kingside is a permanent idea for Black.}) 37... Kf6 38. Ke2
Bd8 39. Nd6 g6 $1 (39... Ke7 $2 40. Rxd5 exd5 41. Nxf5+) 40. Rd3 Ke7 41. Nc4
Bc7 42. Nd2 (42. e4 fxe4 43. fxe4 Rh5 44. h4 g5 $11) 42... Be5 43. e4 Rd4 $1 {
A very important move, inviting White to release the tension himself.} (43...
Rxd3 44. Kxd3 Bd4 45. f4 $14) 44. f4 (44. Rxd4 Bxd4 45. f4 (45. Kd3 Bg1 46. h3
Bf2 47. g4 Kf6 $36) 45... fxe4 46. Nxe4 e5 47. fxe5 Ke6 $11) 44... fxe4 45. Re3
(45. Rxd4 Bxd4 46. Nxe4 e5 47. fxe5 Ke6 $11) 45... Bd6 46. Rxe4 (46. Nxe4 c4
$11) 46... Rd5 47. Nc4 Bc7 48. Re3 Rh5 49. h4 Rd5 (49... Rf5 $5) 50. Rd3 Rf5 (
50... g5 $5 $11) 51. Ne3 Rf8 52. Ng4 Ra8 53. Rd2 e5 $1 $11 (53... h5 54. Ne3 $1
$14 (54. Ne5 Bxe5 55. fxe5 Ra5 (55... Rd8 56. Rxd8 Kxd8 57. Ke3 Kd7 58. Kf4 Kc6
59. Kg5 Kd5 60. Kxg6 Kxe5 61. Kxh5) (55... Rf8 $5) 56. Rc2 c4 $5 $11)) 54. Nxh6
$2 $138 {Kiril, who had played the last phase of the game with little time
left on his clock, spent the few remaining minutes on this over-ambitious move.
} (54. fxe5 h5 $15) (54. Nxe5 $1 Bxe5 55. fxe5 Ke6 $11) 54... exf4 55. g4 Be5
56. Kf3 c4 $1 $17 {Since the knight is so far away, the unblocked pawn
advances...} 57. Re2 (57. bxc4 Ra3+ 58. Kf2 (58. Ke4 Re3+ 59. Kd5 f3 60. g5 Re2
61. Rd3 f2 62. Rf3 Bg3 63. Ng4 Rxa2 $19) 58... f3 59. g5 Bc3 60. Rd5 (60. Rc2
Bd4+ 61. Kf1 b3 $19) 60... Rxa2+ 61. Kxf3 b3 62. Rb5 b2 $19 {[%cal Ga2a1]})
57... Ke6 58. g5 c3 ({Immediately after moving, I noticed the following
variation:} 58... cxb3 59. axb3 Ra3 60. Ng4 Rxb3+ 61. Kf2 (61. Ke4 $1 f3 $1)
61... Rb2 $19 {However, the text move is good enough to win.}) 59. Ng4 Ra5 60.
Rc2 Rd5 61. Re2 Kd6 62. Nf2 Rd4 63. Rc2 Ke6 64. Ng4 Bg7 65. Re2+ Kf5 66. Nf2
Be5 67. Rc2 Rd5 68. Re2 Rd8 69. Rc2 Rd7 70. Re2 Rd5 71. Rc2 Bb8 72. Re2 Ba7 73.
h5 Bxf2 74. Rxf2 Rd3+ 0-1